000 03262cam a22012614i 4500
003 PE-LiUPU
005 20250813185328.0
008 131121s2010 xx r 000 0 spa d
020 _a9588675170
020 _a9789588675176
035 _a(Sirsi) i9789588675176
040 _aCKJAV
_bspa
_cCKJAV
_dPE-LiUPU
_erda
082 0 4 _a372.07
_bT52
_221
245 0 4 _aLas TIC y el desarrollo de las competencias básicas :
_buna propuesta para educación primaria /
_cVerónica Marín Díaz y otros.
250 _aPrimera edición.
264 _aBogotá, D.C. :
_bEdiciones de la U Limitada,
_c2010.
300 _a168 páginas :
_bilustraciones ;
_c24 centímetros.
336 _atext
_2rdacontent
337 _aunmediated
_2rdamedia
338 _avolume
_2rdacarrier
504 _aBibliografía : páginas 167-168.
505 0 _aLas competencias básicas en educación primaria. -- Desarrollo de las competencias básicas en el aula: propuestas didácticas.
526 _aP202
526 _aP201
526 _aP163
526 _aP162
526 _aP161
526 _aP160
526 _aP148
526 _aP147
526 _aP146
526 _aP145
526 _aP144
526 _aP143
526 _aP142
526 _aP141
526 _aP140
526 _aP139
526 _aP138
526 _aP137
526 _aP136
526 _aP135
526 _aP134
526 _aP133
526 _aP129
526 _aP128
526 _aP127
526 _aP120
526 _aP119
526 _aP118
526 _aP116
526 _aP115
526 _aP114
526 _aP110
526 _aP109
526 _aP108
526 _aP104
526 _aP103
526 _aP102
526 _aP99
526 _aP98
526 _aP97
526 _aP96
526 _aP95
526 _aP93
526 _aP90
526 _aP89
526 _aP88
526 _aP83
526 _aP82
526 _aP62
526 _aP59
526 _aP58
526 _aP57
526 _aP51
526 _aP49
526 _aP48
526 _aP47
526 _aP29
526 _aP24
526 _aP20
526 _aP19
526 _aP17
526 _aP15
526 _aP14
526 _aP12
526 _aP10
526 _aP09
526 _aP08
526 _aP07
526 _aP06
526 _aP05
526 _aP04
526 _aP01
541 _g001-000126;
650 4 _aEducación primaria.
650 4 _aInnovaciones educativas.
_91842
650 4 _aInternet en la educación.
650 4 _aTecnología educativa.
700 1 _aMarín Díaz, Verónica.
_4aut
787 0 8 _iTITULO COLECTIVO
_tBiblioteca-libros-2013
_w553299
910 _ajck
_bebj
_cebj
_d20160711
942 _2ddc
_cBOOK
949 _a372.07 T52
_wDEWEY
_c1
_i74165
_lCCODEBUL1
_mBUL
_p16.75
_r0
_sY
_tBOOK
_u2016-7-18
_xEDUCACION
_PP20
_0COMPRA
_o.STAFF. Colección General
994 _aC0
_bPEPRU
596 _a1
999 _a372.07 T52
_wDEWEY
_c11251
_i74165
_d11251
_e2019-3-6
_f2021-11-8
_g4
_lCCODEBUL1
_mBUL
_n2
_p16.75
_r0
_sY
_tBOOK
_u2016-7-18
_xEDUCACION
_PP20
_0COMPRA
_o.STAFF. Colección General
980 _81
_gALBERTO SANCHEZ Responsable de Automatización